Flags in the Style of Austria-Hungary - Statistics

General Stats
  • This quiz has been taken 42 times
    27 since last reset
  • The average score is 25 of 29
Answer Stats
Picture Answer % Correct
Austria-Hungary
100%
Belgium-Netherlands-Luxembourg
96%
Canada-United States-Mexico
96%
Czechia-Slovakia
96%
United Kingdom-France
92%
Austria-Hungary-Croatia
88%
Austria-Slovakia
88%
Austria-Turkey
88%
Austria-Ukraine
88%
China-Taiwan
88%
Croatia-Bosnia and Herzegovina
88%
Germany-Poland
88%
Iran-Iraq
88%
Nepal-Bhutan
88%
North Korea-South Korea
88%
Romania-Bulgaria
88%
Romania-Moldova
88%
Serbia-Montenegro
88%
Argentina-Brazil
83%
Chile-Argentina
83%
Cuba-Dominican Republic-Puerto Rico
83%
Egypt-Sudan
83%
Poland-Lithuania
83%
Saudi Arabia-Iran
83%
Estonia-Latvia-Lithuania
79%
Portugal-Spain-Andorra
79%
Ethiopia-Iran
71%
Norway-Sweden
63%
Australia-New Zealand
46%
No matching quizzes found
Score Distribution
Percent of People with Each Score
Percentile by Number Answered
Your Score History
You have not taken this quiz since the last reset